000 00334nam a22001217a 4500
008 180517b xxu||||| |||| 00| 0 eng d
041 _aeng
080 _a043.3
100 _a0
101 _aMBE-BA
245 _aAplikimi i Menaxhimit te dijes ne Biznesin e Ndermarrjeve te vogla dhe te mesme ne Kosove
_cKrasniqi, E
942 _2udc
_cBK
999 _c45918
_d45918